Develando el género: Elementos conceptuales básicos para entender la equidad /

Presenta un glosario de los términos más utilizados en la serie Hacia la Equidad

Guardat en:
Dades bibliogràfiques
Autor principal: Alfaro, María Cecilia
Altres autors: Aguilar, Lorena
Format: Text
Publicat: San José: Fundación Arias para la Paz y el Progreso Humano. Unión Mundial para la Naturaleza
Matèries:
Etiquetes: Afegir etiqueta
Sense etiquetes, Sigues el primer a etiquetar aquest registre!

MARC

LEADER 00000 a a2200000 04500
001 30870
003
040
020 |a 9968-786-09-8  
022 |a 9968-786-09-8  
090 |a 197002  
100 |a Alfaro, María Cecilia  
245 |a Develando el género: Elementos conceptuales básicos para entender la equidad /  |c María Cecilia Alfaro 
260 |a San José:   |b Fundación Arias para la Paz y el Progreso Humano. Unión Mundial para la Naturaleza  
300 |a 28 p.  
520 |a Presenta un glosario de los términos más utilizados en la serie Hacia la Equidad  
650 |a GENERO  
650 |a IGUALDAD DE GENERO  
650 |a DISCRIMINACION BASADA EN EL GENERO  
650 |a TERMINOLOGIA  
700 |a Aguilar, Lorena  
999 |c 11304  |d 11304